000 00539nam a2200193 a 4500
001 1765892289575
003 YourLibrary
005 20251222113020.0
008 251216s1989##################000#0#eng##
020 _a9780820405643
082 0 4 _a230.0440924
_bROL
100 1 _aAhlers, Rolf,
_eauthor.
245 1 0 _aThe Community of Freedom :
260 _bPeter Lang Incorporated, International Academic Publishers,
_c1989.
300 _a680 pages
650 0 _aReligion.
942 _cENGLISH
040 _aYourLibrary
_beng
_cYourLibrary
999 _c603766
_d603766